15 Former Republics of the Soviet Union Quiz Stats

 Plays Quiz not verified by Sporcle

Challenge
Share
Tweet
Score 0/15 Timer 03:00
0 Plays Today
% Correct
Russia
92.4%
Ukraine
89.4%
Latvia
88%
Estonia
87.4%
Belarus
86.2%
Lithuania
85.9%
Georgia
84.2%
Kazakhstan
84.2%
% Correct
Uzbekistan
83.9%
Turkmenistan
82.7%
Armenia
82.4%
Azerbaijan
81.5%
Moldova
80.4%
Tajikistan
79.5%
Kyrgyzstan
79.2%

You're not logged in!

Compare scores with friends on all Sporcle quizzes.
OR
Log In

You Might Also Like...

Show Comments

Extras

Top Quizzes Today


Score Distribution

Your Account Isn't Verified!

In order to create a playlist on Sporcle, you need to verify the email address you used during registration. Go to your Sporcle Settings to finish the process.

Report this User

Report this user for behavior that violates our Community Guidelines.

Details: